00267nam a2200121Ia 45000030006000000080041000060400015000471000010000622450029000722600015001015460012001160050017001280STCL150530s9999 xx 000 0 und d aSTCLcSTCL aHardy aTreasury of Thomas Hardy bOctopusc0 aEnglish20220125171048.0